Tục ngữ - Ca dao - Câu đố - Dân ca người Sán Dìu Vĩnh Phúc
Nội dung sách giới thiệu khái quát về nền văn hóa truyền thống của người Sán Dìu. Tục ngữ - Ca dao - Câu đố - Dân ca. Kết luận chung về việc sưu tầm Tục ngữ - Ca dao - Câu đố - Dân ca của người Sán Dìu....
שמור ב:
| פורמט: | ספר |
|---|---|
| שפה: | Undetermined |
| יצא לאור: |
Hà Nội
Hội nhà văn
2016
|
| נושאים: | |
| תגים: |
הוספת תג
אין תגיות, היה/י הראשונ/ה לתייג את הרשומה!
|
| Thư viện lưu trữ: | Trung tâm Học liệu Trường Đại học Cần Thơ |
|---|
| LEADER | 00918nam a2200181Ia 4500 | ||
|---|---|---|---|
| 001 | CTU_226384 | ||
| 008 | 210402s9999 xx 000 0 und d | ||
| 082 | |a 398.909597 | ||
| 082 | |b T506 | ||
| 245 | 0 | |a Tục ngữ - Ca dao - Câu đố - Dân ca người Sán Dìu Vĩnh Phúc | |
| 245 | 0 | |c Lâm Văn Hùng (sưu tầm, biên dịch) | |
| 260 | |a Hà Nội | ||
| 260 | |b Hội nhà văn | ||
| 260 | |c 2016 | ||
| 520 | |a Nội dung sách giới thiệu khái quát về nền văn hóa truyền thống của người Sán Dìu. Tục ngữ - Ca dao - Câu đố - Dân ca. Kết luận chung về việc sưu tầm Tục ngữ - Ca dao - Câu đố - Dân ca của người Sán Dìu. | ||
| 650 | |a Tục ngữ, người Việt,Proverbs, Vietnamese | ||
| 910 | |b dqhieu | ||
| 980 | |a Trung tâm Học liệu Trường Đại học Cần Thơ | ||